| 000 | 00639naa a2200217 i 4500 | ||
|---|---|---|---|
| 999 |
_c47834 _d47834 |
||
| 001 | BINCO | ||
| 003 | CO-MdBIC | ||
| 005 | 20200320130053.0 | ||
| 008 | 200320t1995 us a||ab |||| 00| j eng d | ||
| 020 | _a0-19-916885-7 | ||
| 040 |
_aCO-MdBIC _bspa. _cCO-MdBIC _dCO-MdBIC |
||
| 041 | _aeng | ||
| 082 | 0 | 4 |
_a813C _222 _bH91n |
| 100 |
_aRoderick Hunt _tNaughty children |
||
| 245 | 1 | 0 | _aNaughty children / Roderick Hunt. il. : Alex Brychta |
| 264 |
_aOxford : _bUniversity Press , _c©1995 |
||
| 300 |
_a[16 páginas] : _bIlustraciones a color , _c16cm. |
||
| 490 | _aOXFORD READING TREE | ||
| 650 | 1 | 4 | _aLiteratura Infantil |
| 942 | _cLGB | ||